| 000 | 00555nam a2200169 4500 | ||
|---|---|---|---|
| 008 | 040130s1971 ilu 000 0 eng | ||
| 020 | _a0842373055 | ||
| 090 |
_aBV4501.2 _bL13t |
||
| 100 | 1 | _aLaHaye, Tim F. | |
| 245 | 1 | 0 |
_aTransformed temperaments / _c[by] Tim LaHaye. |
| 260 |
_aWheaton, Ill. : _bTyndale House Publishers, _c[1971] |
||
| 300 |
_a150 p. _c22 cm. |
||
| 650 | 4 | _aChristian life. | |
| 650 | 4 |
_aTemperament _xReligious aspects _xChristianity. |
|
| 951 |
_p4550 _x00005445 _oBV4501.2/L13t-2 _j070613111334687 _d2000-12-21 _cGC |
||
| 999 |
_c18794 _d18794 |
||